000 00874nas a2200301 4500
001 BR8503437
003 BR-BrBNA
005 20231205090251.0
007 ta
008 230509b bl.|||p| |||| 00| 00por d
040 _aBR-BrBNA
_bpor
_cBiblioteca Nacional de Agricultura
041 _a(Pt)
072 _aE16; E70; H01
100 1 _aLeite, Z.N.
111 1 _a7. Semana da Citricultura
_cLimeira, SP (Brazil)
_d10-14 Jun 1985
245 1 _aSorocaba [citricultura, Sao Paulo]
650 _aFRUTA CITRICA
650 _aMUDA
650 _aVIVEIRO
650 _aESTATISTICA DE PRODUCAO
650 _aCOMERCIALIZACAO
650 _aTRATAMENTO FITOSSANITARIO
650 _aSOROCABA
650 _aSAO PAULO
773 0 _tLaranja (Brazil)
_xISSN 0102-1907
_g(1985), (no. 6) p. 419-424
_wBR8503437
909 _a202311
_bLúcia
_c55
_dLúcia Elande
942 _2AGRIS
_n0
_cANA
999 _c117240
_d117240